<?xml version="1.0" encoding="UTF-8"?>
<record
    xmlns:xsi="http://www.w3.org/2001/XMLSchema-instance"
    xsi:schemaLocation="http://www.loc.gov/MARC21/slim http://www.loc.gov/standards/marcxml/schema/MARC21slim.xsd"
    xmlns="http://www.loc.gov/MARC21/slim">

  <leader>02039nam a2200373Ia 4500</leader>
  <controlfield tag="001">Z_3004</controlfield>
  <controlfield tag="003">CHAP</controlfield>
  <controlfield tag="008">220113s1977    xx            000 0 und d</controlfield>
  <datafield tag="010" ind1=" " ind2=" ">
    <subfield code="a">166091</subfield>
  </datafield>
  <datafield tag="020" ind1=" " ind2=" ">
    <subfield code="a">84-311-0183--0 (obra completa) \ 84-311-0061-3 (tomo 1) \ 84-311-0182-2 (tomo 2) \ 84-311-0187-3 (tomo 3) \ 84-311-0210-1 (tomo 4)</subfield>
  </datafield>
  <datafield tag="040" ind1=" " ind2=" ">
    <subfield code="c">CHAP</subfield>
  </datafield>
  <datafield tag="082" ind1=" " ind2=" ">
    <subfield code="a">543 C43</subfield>
  </datafield>
  <datafield tag="100" ind1=" " ind2=" ">
    <subfield code="a">Charlot, Gaston</subfield>
    <subfield code="9">21977</subfield>
  </datafield>
  <datafield tag="240" ind1=" " ind2=" ">
    <subfield code="a">Curso de qu&#xED;mica anal&#xED;tica general</subfield>
  </datafield>
  <datafield tag="245" ind1=" " ind2=" ">
    <subfield code="a">Curso de qu&#xED;mica anal&#xED;tica general  /</subfield>
    <subfield code="c">Gaston Charlot; autores tomo 3 y 4 Magdeleine Machtiner y Robert Rosset; traducci&#xF3;n Santiago Vicente P&#xE9;rez, Jorge Calmet Fontane y Jos&#xE9; Garc&#xED;a Monjo</subfield>
  </datafield>
  <datafield tag="250" ind1=" " ind2=" ">
    <subfield code="a">2a ed.</subfield>
  </datafield>
  <datafield tag="260" ind1=" " ind2=" ">
    <subfield code="a">Espa&#xF1;a  :</subfield>
    <subfield code="b">Toray-Masson,</subfield>
    <subfield code="c">1977</subfield>
  </datafield>
  <datafield tag="300" ind1=" " ind2=" ">
    <subfield code="a">4 v.</subfield>
  </datafield>
  <datafield tag="500" ind1=" " ind2=" ">
    <subfield code="a">T&#xED;tulo original de la obra : Chimie analytique g&#xE9;n&#xE9;rale \ Tomo 1: Solutions aqueuses et non aqueuses \ Tomo 2: M&#xE9;thodes &#xE9;lectrochimeques et absorptiom&#xE9;triques. chromatographie \ Tomo 3: Exercices, &#xE9;quilibres en milieu homog&#xE9;ne, &#xE9;quilibres h&#xE9;t&#xE9;rog&#xE9;nes, s&#xE9;patations \ Tomo 4: Exerxices, coubres de titrage, reactions dans les solvans, m&#xE9;thodos &#xE9;lectrochimiques, m&#xE9;thodes optiques</subfield>
  </datafield>
  <datafield tag="503" ind1=" " ind2=" ">
    <subfield code="a">ej.1 v.1 tomo 1: 102246 \ ej.1 v.2 tomo 2: 102246 \ ej.1 v.3 tomo 3: 102246 \ ej.1 v.4 tomo 4: 102246</subfield>
  </datafield>
  <datafield tag="505" ind1=" " ind2=" ">
    <subfield code="a">Tomo 1:  Soluciones acuosas  y no acuosas-- Tomo 2: M&#xE9;todos electroqu&#xED;micos y absorciom&#xE9;tricos, cromatograf&#xED;a -- Tomo 3: Equilibrio en medio homog&#xE9;neo, equilibrios heterog&#xE9;neos, separaciones -- Tomo 4: Ejercici&#xF3;n, Curvas de valoraci&#xF3;n, reacciones en los disolventes, m&#xE9;todos electroqu&#xED;micos, m&#xE9;todos &#xF3;pticos</subfield>
  </datafield>
  <datafield tag="650" ind1=" " ind2=" ">
    <subfield code="a">Qu&#xED;mica anal&#xED;tica</subfield>
    <subfield code="9">93582</subfield>
  </datafield>
  <datafield tag="700" ind1=" " ind2=" ">
    <subfield code="a"> Calmet Fontane, Jorge, tr. </subfield>
    <subfield code="9">140155</subfield>
  </datafield>
  <datafield tag="700" ind1=" " ind2=" ">
    <subfield code="a"> Garc&#xED;a Monjo, Jos&#xE9;, tr.</subfield>
    <subfield code="9">140156</subfield>
  </datafield>
  <datafield tag="700" ind1=" " ind2=" ">
    <subfield code="a"> P&#xE9;rez, Santiago Vicente, tr. </subfield>
    <subfield code="9">140157</subfield>
  </datafield>
  <datafield tag="700" ind1=" " ind2=" ">
    <subfield code="a"> Rosset, Robert, aut. </subfield>
    <subfield code="9">140158</subfield>
  </datafield>
  <datafield tag="700" ind1=" " ind2=" ">
    <subfield code="a">Machtiner, Magdeleine, aut. </subfield>
    <subfield code="9">140159</subfield>
  </datafield>
  <datafield tag="901" ind1=" " ind2=" ">
    <subfield code="a">543 C43</subfield>
  </datafield>
  <datafield tag="902" ind1=" " ind2=" ">
    <subfield code="a">M</subfield>
  </datafield>
  <datafield tag="910" ind1=" " ind2=" ">
    <subfield code="a">1977</subfield>
  </datafield>
  <datafield tag="942" ind1=" " ind2=" ">
    <subfield code="c">1</subfield>
  </datafield>
  <datafield tag="942" ind1=" " ind2=" ">
    <subfield code="c">c1</subfield>
  </datafield>
  <datafield tag="999" ind1=" " ind2=" ">
    <subfield code="c">166091</subfield>
    <subfield code="d">166091</subfield>
  </datafield>
  <datafield tag="952" ind1=" " ind2=" ">
    <subfield code="0">0</subfield>
    <subfield code="1">0</subfield>
    <subfield code="2">ddc</subfield>
    <subfield code="4">0</subfield>
    <subfield code="7">0</subfield>
    <subfield code="8">GRAL</subfield>
    <subfield code="a">Z</subfield>
    <subfield code="b">Z</subfield>
    <subfield code="c">1</subfield>
    <subfield code="d">2005-11-09</subfield>
    <subfield code="h">Volumen: 1 Tomo: 1</subfield>
    <subfield code="p">z_3294</subfield>
    <subfield code="r">2022-01-18 00:00:00</subfield>
    <subfield code="t">1</subfield>
    <subfield code="w">2022-01-18</subfield>
    <subfield code="y">LIBRO</subfield>
  </datafield>
  <datafield tag="952" ind1=" " ind2=" ">
    <subfield code="0">0</subfield>
    <subfield code="1">0</subfield>
    <subfield code="2">ddc</subfield>
    <subfield code="4">0</subfield>
    <subfield code="7">0</subfield>
    <subfield code="8">GRAL</subfield>
    <subfield code="a">Z</subfield>
    <subfield code="b">Z</subfield>
    <subfield code="c">1</subfield>
    <subfield code="d">2005-11-09</subfield>
    <subfield code="h">Volumen: 2 Tomo: 2</subfield>
    <subfield code="p">z_3295</subfield>
    <subfield code="r">2022-01-18 00:00:00</subfield>
    <subfield code="t">1</subfield>
    <subfield code="w">2022-01-18</subfield>
    <subfield code="y">LIBRO</subfield>
  </datafield>
  <datafield tag="952" ind1=" " ind2=" ">
    <subfield code="0">0</subfield>
    <subfield code="1">0</subfield>
    <subfield code="2">ddc</subfield>
    <subfield code="4">0</subfield>
    <subfield code="7">0</subfield>
    <subfield code="8">GRAL</subfield>
    <subfield code="a">Z</subfield>
    <subfield code="b">Z</subfield>
    <subfield code="c">1</subfield>
    <subfield code="d">2005-11-09</subfield>
    <subfield code="h">Volumen: 3 Tomo: 3</subfield>
    <subfield code="p">z_3296</subfield>
    <subfield code="r">2022-01-18 00:00:00</subfield>
    <subfield code="t">1</subfield>
    <subfield code="w">2022-01-18</subfield>
    <subfield code="y">LIBRO</subfield>
  </datafield>
  <datafield tag="952" ind1=" " ind2=" ">
    <subfield code="0">0</subfield>
    <subfield code="1">0</subfield>
    <subfield code="2">ddc</subfield>
    <subfield code="4">0</subfield>
    <subfield code="7">0</subfield>
    <subfield code="8">GRAL</subfield>
    <subfield code="a">Z</subfield>
    <subfield code="b">Z</subfield>
    <subfield code="c">1</subfield>
    <subfield code="d">2005-11-09</subfield>
    <subfield code="h">Volumen: 4 Tomo: 4</subfield>
    <subfield code="p">z_3297</subfield>
    <subfield code="r">2022-01-18 00:00:00</subfield>
    <subfield code="t">1</subfield>
    <subfield code="w">2022-01-18</subfield>
    <subfield code="y">LIBRO</subfield>
  </datafield>
</record>
